Ronsard: su vida y su época

Сохранить в:
Библиографические подробности
Главный автор: Lewis, D. B. Wyndham (Автор)
Формат:
Язык:испанский
Опубликовано: Buenos Aires Sudamericana 1945
Редактирование:1a. ed
Серии:Colección Biografías
Предметы:
Метки: Добавить метку
Нет меток, Требуется 1-ая метка записи!

MARC

LEADER 00000cam a2200000 a 4500
001 UCW7567
003 CL-VaPUC
008 930421e19450000AG |||||||||||||||||spa|d
082 0 4 |a 928.41  |b LEW  |2 21 
100 |a Lewis, D. B. Wyndham  |e author  |9 312742 
245 1 0 |a Ronsard: su vida y su época 
250 |a 1a. ed 
300 |a 470 p 
942 |c BK 
945 |d 19930421 00:00:00 
260 |a Buenos Aires  |b Sudamericana  |c 1945 
600 0 7 |a RONSARD, PIERRE DE  |2 CL-VaPUC  |9 312743 
583 |a last modification  |c 20160711 11:28:18  |k Rodrigo Vera 
490 0 |a Colección Biografías 
999 |c 220281  |d 220279 
952 |0 0  |1 0  |4 0  |6 928_410000000000000_LEW_1945  |7 0  |8 P  |9 212275  |a BIBEDU  |b BIBEDU  |d 2019-11-15  |i 2805235  |o 928.41 LEW 1945  |p 2805235  |r 2019-11-15  |w 2019-11-15  |y BK  |k EDU 
952 |0 0  |1 0  |4 0  |6 928_410000000000000_LEW_1945  |7 0  |8 A  |9 212276  |a BIBEDU  |b BIBEDU  |d 2019-11-15  |i 123322K  |o 928.41 LEW 1945  |p 123322K  |r 2023-01-12  |w 2019-11-15  |y BK  |k MUS 
952 |0 0  |1 0  |4 0  |6 928_410000000000000_LEW_1945  |7 0  |8 P  |9 212277  |a BIBEDU  |b BIBEDU  |d 2019-11-15  |i 4519728  |o 928.41 LEW 1945  |p 4519728  |r 2019-11-15  |w 2019-11-15  |y BK  |k LIT 
952 |0 0  |1 0  |3 erd  |4 0  |6 928_410000000000000_LEW_1945  |7 0  |8 A  |9 212278  |a FDOHBE  |b FDOHBE  |e Huesbe Llanos, Marco Antonio, 1934-  |i 5308321  |o 928.41 LEW 1945  |p 5308321  |r 2024-01-30  |w 2019-11-15  |y BK  |z Catalogado en:20160713  |k HBE